British Academic Libraries (Record no. 19079)
[ view plain ]
| 000 -LEADER | |
|---|---|
| fixed length control field | 00329nam a22001337a 4500 |
| 082 ## - DEWEY DECIMAL CLASSIFICATION NUMBER | |
| Classification number | 027.70942 NEA |
| 100 ## - MAIN ENTRY--PERSONAL NAME | |
| Personal name | NEAL, K. W. |
| 245 ## - TITLE STATEMENT | |
| Title | British Academic Libraries |
| 260 ## - PUBLICATION, DISTRIBUTION, ETC. | |
| Place of publication, distribution, etc. | England |
| Name of publisher, distributor, etc. | St Ann's Press |
| Date of publication, distribution, etc. | 1973 |
| 300 ## - PHYSICAL DESCRIPTION | |
| Extent | 193p. |
| Other physical details | ill.; 22cm |
| 500 ## - GENERAL NOTE | |
| General note | Include: Index |
| 650 ## - SUBJECT ADDED ENTRY--TOPICAL TERM | |
| Topical term or geographic name entry element | British Academic Libraries |
| 942 ## - ADDED ENTRY ELEMENTS (KOHA) | |
| Koha item type | Books |
No items available.
